AK’s General Knowledge A-Z #87 - Statistics

General Stats
  • This quiz has been taken 327 times
    207 since last reset
  • The average score is 16 of 26
Answer Stats
Hint Answer % Correct
F – Six ____ Under, a TV series about a family who run a funeral home Feet
98%
A – continent whose central regions were called by made-up word "Tartary" for hundreds of years Asia
94%
T – “Sweet dreams are made of this; Who am I to disagree? I ______ the world and the seven seas” Travel
84%
U – leave no stone ________ Unturned
83%
V – oral examination, or “____ La Vida” by Coldplay Viva
80%
B – world's most populous national capital city (city proper) Beijing
78%
R – one match of ______ Bridge, or material that's used to make things like bouncy balls Rubber
78%
N – American multinational corporation named after the Greek goddess of victory Nike
75%
S – lion in Swahili (relax, you know this – hakuna matata!) Simba
75%
L – Jules Verne’s Twenty Thousand _______ Under the Sea Leagues
74%
Y – "joo", ”sim”, “oui” Yes
73%
E – between egg and fetus Embryo
71%
O – the third-largest of the Hawaiian Islands Oahu
67%
H – Mata ____, Dutch exotic dancer who was executed as spy Hari
66%
J – peninsula in Europe that has also been known as Cimbrian Peninsula, Ēota land, or den Jyske Halvø Jutland
61%
I – Irishman in Norwegian, or intense anger in English Ire
57%
W – follows clock, precedes shop Work
57%
P – space probe that landed on Mars in 2008, or NBA team _______ Suns Phoenix
55%
D – the largest Croatian city located in a pene-exclave Dubrovnik
53%
M – a time of life when crisis means a balding man buying a motorbike, or, in plural, a “dark” era Middle age
51%
Z – Mexican revolutionary Emiliano, or shoe in Spanish Zapata
50%
C – Roman statesman and master of Latin prose (De Re Publica) who, nevertheless, got his head chopped off Cicero
35%
G – Nuclear ______, an Internet meme and urban legend (about a famous bald guy) relating to the 1991 video game Civilization Gandhi
21%
X – a professional American football league that started in 2020 and was cut short by the Covid-19 pandemic after only five weeks of play XFL
21%
K – chicken in Dutch, the currency in Laos, or an untanned hide of a young beast Kip
16%
Q – the direction towards the Kaaba in the Sacred Mosque in Mecca Qibla
9%
No matching quizzes found
Score Distribution
Percent of People with Each Score
Percentile by Number Answered
Your Score History
You have not taken this quiz since the last reset